| 000 | 00644nam a2200217Ia 4500 | ||
|---|---|---|---|
| 005 | 20231005094155.0 | ||
| 008 | 140110s9999 xx 000 0 und d | ||
| 020 | _a9788173053900 | ||
| 040 | _aLoreto College | ||
| 041 | _aEnglish | ||
| 082 |
_a709.54 _bVAS |
||
| 100 | _aVashishtha, Neelima | ||
| 245 |
_aTradition and Modernity in Indian Arts _bDuring the twentieth Century _cNeelima Vashishtha |
||
| 260 |
_aNew Delhi _bAryan Books International _c2010 |
||
| 300 | _a226p. | ||
| 504 | _aIncludes bibliographical references and index | ||
| 650 | _aIndian arts | ||
| 651 | _aPainting and Sculpture | ||
| 850 | _aLCLIB | ||
| 942 | _cBK | ||
| 999 |
_c37215 _d87694 |
||